Responses for show #1890 - Friday, November 20, 1992

1992 Tournament of Champions final game 2.

Contestants

[<< previous game]

Bruce Simmons, a graduate student from Minneapolis, Minnesota (subtotal of $0)

Leszek Pawlowicz, a materials scientist from Phoenix, Arizona (subtotal of $4,000)

Jerome Vered, a writer from Studio City, California (subtotal of $700)

[next game >>]

Jeopardy! Round responses

THE FAR EAST
THE OLD WEST
NORTH & SOUTH
SIGNS & SIGNALS
MUSICAL THEATRE
CROSSWORD CLUES "V"
    $100 1
Hong Kong

Bruce
    $100 12
chuck

Leszek
    $100 21
Fort Sumter

Jerome
    $100 25
white flag

Jerome
    $100 10
The King and I

Jerome
    $100 2
volleyball

Jerome
    $200 3
Go

Bruce
    $200 13
barbed wire

Bruce
    $200 30
Robert E. Lee

Jerome
    $200 26
charades

Leszek
    $200 14
Cabaret

Jerome
    $200 4
(Bruce: What is veteran?)
(Jerome: [Groans] Ohh, those kinds of crossword clues!)

Victor

Bruce
Triple Stumper
    $300 8
Inner Mongolia

Jerome
    $300 18
cahoots

Jerome
    $300 22
McClellan

Bruce
    $300 27
crickets/cicadas

Jerome
    $300 15
Barnum

Leszek
    $300 5
(Bruce: Well, let's see how Eugene T. Maleska has prepared me for this!)

vengeance

Bruce
    $400 9
(Leszek: What is Nepal?)
(Jerome: What is Bhutan?)

Thailand

JeromeLeszekBruce
    $400 19
Doc Holliday

Bruce
    $400 23
David Farragut

Leszek
    $400 28
smoke detectors

Leszek
    $400 16
(Jerome: What is Same Time, Next Year?)

I Do! I Do!

JeromeBruce
    $400 6
ventriloquist

Jerome
    $500 11
Sir Thomas Raffles

Leszek
    $500 20
Texas Rangers

Jerome
    $900 24
(Leszek: Who was Clara Barton?)

Dorothea Dix

Leszek
    $500 29
St. Bartholomew's Day

Jerome
    $500 17
Into the Woods

Jerome
    $500 7
(Jerome: What is vintage?)

vintner

JeromeBruce

Scores at the first commercial break (after clue 12):

Jerome Leszek Bruce
$0 $200 $1,300

Scores at the end of the Jeopardy! Round:

Jerome Leszek Bruce
$2,300 $600 $2,600

Double Jeopardy! Round responses

ITALIAN HISTORY
FICTIONAL CHARACTERS
NUCLEAR ENERGY
POLITICIANS
GEMS
MAXWELL ANDERSON
    $200 16
Mussolini

Bruce
    $200 25
Willy Loman

Leszek
    $200 1
water

Bruce
    $200 11
(Jack) Kemp

Jerome
    $200 6
pearls

Jerome
    $200 27
Anne Boleyn

Bruce
    $400 18
NATO

Leszek
    $400 24
One Flew Over the Cuckoo's Nest

Leszek
    $400 2
Vienna

Leszek
    $400 12
(Lyndon) Johnson

Jerome
    $400 7
aquamarine

Jerome
    $400 28
Sacco & Vanzetti

Bruce
    $600 19
Garibaldi

Bruce
    $600 23
Miss Jean Brodie

Bruce
    $600 3
Bikini

Bruce
    $600 13
(Bruce: Who is Sasser?)

(Albert) Gore (Jr.)

JeromeBruce
    $600 8
opal

Leszek
    $600 29
Glory

Leszek
    $800 21
Victor Emmanuel

Jerome
    $800 17
Miss Havisham

Jerome
    $800 4
(Jerome: What is uranium-238?)

U-235

JeromeBruce
    $800 14
Bob La Follette

Jerome
    $800 9
zircon

Triple Stumper
    $800 30
The Bad Seed

Jerome
    $1000 22
Sardinia

Bruce
    $1000 20
The Jungle

Bruce
    $1000 5
the plasma

Leszek
    $2,500 15
(Jerome: Who was Carter?)

(1 of) Ann Richards (of Texas), Barbara Roberts (of Oregon) or Joan Finney (of Kansas)

Jerome
    $1000 10
citrine

Leszek
    $1,000 26
South Africa

Leszek

Scores at the end of the Double Jeopardy! Round:

Jerome Leszek Bruce
$4,000 $6,200 $7,600

[wagering suggestions for these scores]

Final Jeopardy! Round responses

PRESIDENTS' HOMES
(Alex: In 1821, the man was a provisional governor of the state of Florida.)
...
(Alex: [To Leszek] The governor's mansion is modeled after the Hermitage.)
JeromeWho is Washington?
$4,000
LeszekWho is Jackson?
$5,200
BruceWho is Jefferson?
$2,899
Andrew Jackson

Final scores:

Jerome Leszek Bruce
$0 $11,400 $4,701

Cumulative scores:

Jerome Leszek Bruce
$700 $15,400 $4,701
2nd runner-up: $7,500 + Jeopardy!/Wheel of Fortune video games for Super NES/Sega Genesis + Jeopardy! Challenge book Tournament champion: $100,000 + Jeopardy!/Wheel of Fortune video games for Super NES/Sega Genesis + Jeopardy! Challenge book 1st runner-up: $10,000 + Jeopardy!/Wheel of Fortune video games for Super NES/Sega Genesis + Jeopardy! Challenge book

Game dynamics:

Coryat scores:

Jerome Leszek Bruce
$6,500 $7,100 $7,600
22 R,
5 W
(including 1 DD)
15 R
(including 1 DD),
2 W
(including 1 DD)
19 R,
2 W

Combined Coryat: $21,200

The J! Archive is created by fans, for fans. Scraping, republication, monetization, and malicious use prohibited; this site may use cookies and collect identifying information. See terms. The Jeopardy! game show and all elements thereof, including but not limited to copyright and trademark thereto, are the property of Jeopardy Productions, Inc. and are protected under law. This website is not affiliated with, sponsored by, or operated by Jeopardy Productions, Inc. Join the discussion at JBoard.tv.